000 00483nam a2200205Ia 4500
003 GCL
008 140319s9999 xx 000 0 eng d
040 _aGCL /
_cGCL
082 0 4 _aCH
_b591
_bC W
100 1 _aDIXON, ANDREW S.
245 1 0 _aWORLD WILD LIFE /
_cDIXON, ANDREW S.
700 1 _aCARTWIGHT, MARY
260 _a[S.N] :
_bUSBORNE ،
_c1994
300 _a128 P
650 0 4 _aBIRDS
650 0 4 _aANIMAL
650 0 4 _aCHILDREN
650 0 4 _aMONKEYS
942 _2ddc
_cBK
999 _c13661
_d13661